| 000 | 00597 a2200217 4500 | ||
|---|---|---|---|
| 005 | 20260121105956.0 | ||
| 008 | 260119b |||||||| |||| 00| 0 eng d | ||
| 020 |
_a9781683673644 _c$ 139.95 |
||
| 040 | _aMAIN | ||
| 082 |
_a660.65 _bG49M(6) |
||
| 100 | _aGlick, Bernard R | ||
| 245 | _aMolecular biotechnology: principles and applications of recombinant DNA | ||
| 250 | _a6th | ||
| 260 |
_bASM Press _c2022 _aHoboken |
||
| 300 | _axix, 876 | ||
| 650 | _aBiotechnology | ||
| 650 | _aGenetic Engineering | ||
| 650 | _aMolecular Biology | ||
| 700 | _aPatten, Cheryl L | ||
| 942 | _cBK | ||
| 999 |
_c395227 _d395227 |
||